000 06841nam a22006137a 4500
005 20110615143555.0
010 _aENG-102612 B-454854-884
020 _c395.00
_a9788178062068
035 _aEN-86145 B-454854-884
037 _bDBAD / PUB
037 _bBlue Berry/Ven
082 _a780.954
100 _aHirlekar, Hema
_951243
245 _aNuances of Hindustani classical music :
_braags, taals, moods, rasas, genres and gharanas /
_cby Hema Hirlekar
260 _aNew Delhi
_bUnicorn Books
_c2010
270 _aF-2/16, Ansari Road, Darya Ganj
_bNewv Delhi
_e110002
_k23275434,23262683,23262783
_l011-23257790
300 _axxiii,200p. :
_c24cm (pbk)
_bill.
_e1CD-ROM
700 _928520
710 _928535
942 _2ddc
_cEN
_mHIR
_h780.954
999 _c52913
_d52913